[Event "Titled Tue 25th Mar Late"]
[Site "chess.com INT"]
[Date "2025.03.25"]
[Round "9"]
[White "Sarana, A.."]
[Black "Carlsen, M.."]
[Result "1/2-1/2"]
[WhiteElo "2689"]
[BlackElo "2833"]
[PlyCount "173"]
[EventDate "2025.03.25"]

1. d4 Nf6 2. c4 e6 3. Nc3 Bb4 4. Nf3 b6 5. e3 O-O 6. Bd3 d5 7. O-O Ba6 8. cxd5 Bxd3 9. Qxd3 exd5 10. b3 Nbd7 11. Bb2 Re8 12. Rac1 a6 13. Ne2 $146 ({RR} 13. Nb1 Bd6 14. Ba3 c5 15. Rfd1 Qe7 16. Nc3 Red8 17. dxc5 Nxc5 18. Bxc5 bxc5 19. Kf1 Bc7 20. Qf5 g6 21. Qg5 Qe6 22. Qh4 Rac8 23. Na4 Bd6 24. Nc3 Be7 25. Qa4 h6 26. h3 Rb8 27. Ne2 Rb4 {Krush,I (2444)-Sukandar,I (2423) Saint Louis 2017 0-1 (44)}) 13... Bd6 14. Ng3 g6 15. Rc6 a5 16. Rfc1 a4 17. Ne5 axb3 18. Qxb3 Re6 19. f4 Qe8 20. h3 Nb8 21. R6c2 Qa4 22. Qd3 Nbd7 23. f5 Re7 24. fxg6 fxg6 25. Rf1 Qa6 26. Qd1 Rf8 27. Rcf2 Qxa2 28. Qd3 Qa8 29. Qb3 Kg7 30. e4 Nxe5 31. dxe5 Bxe5 32. Bxe5 Rxe5 33. Qc3 Qe8 34. Qxc7+ Qe7 35. Qxe7+ Rxe7 36. exd5 Rff7 37. d6 Re6 38. Rd1 Rd7 39. Rfd2 Ne8 40. Rb2 Rexd6 41. Re1 Nf6 42. Kh2 Rb7 43. Reb1 Re6 44. Ne2 Nd5 45. Nd4 Rf6 46. Rb3 Rd7 47. Nf3 Re7 48. R1b2 Ree6 49. Nd4 Re3 50. Rb5 Rd6 51. Nf3 Ree6 52. R5b3 Ne3 53. Ng5 Nf1+ 54. Kg1 Re1 55. Rxb6 Rdd1 56. Kf2 Re7 57. Rb7 Rxb7 58. Rxb7+ Kh6 59. h4 Kh5 60. Rxh7+ Kg4 61. Nf3 Ng3 62. Ne5+ Kf5 63. Kxg3 Kxe5 64. Rf7 Ke6 65. Rf4 Rd2 66. Kh3 Ra2 67. g3 Ra3 68. Kg4 Rb3 69. Rf3 Rb5 70. Rf8 Ra5 71. Kf4 Rb5 72. g4 Ra5 73. g5 Ra4+ 74. Kg3 Ke5 75. Rf6 Ra3+ 76. Kg2 Ra4 77. Kg3 Ra3+ 78. Rf3 Ra1 79. Kg4 Rg1+ 80. Rg3 Ra1 81. Re3+ Kd5 82. Re8 Ra4+ 83. Kg3 Ra3+ 84. Kg2 Ra4 85. Kg3 Ra3+ 86. Kf2 Ra4 87. Kg3 1/2-1/2

[Event "Sarajevo Bosnia-A 36th"]
[Site "Sarajevo"]
[Date "2006.05.14"]
[Round "8"]
[White "Sasikiran, Krishnan"]
[Black "Carlsen, Magnus"]
[Result "1/2-1/2"]
[WhiteElo "2692"]
[BlackElo "2646"]
[PlyCount "205"]
[EventDate "2006.05.07"]
[EventType "tourn"]
[EventRounds "10"]
[EventCountry "BIH"]
[EventCategory "17"]
[SourceTitle "CBM 113"]
[Source "ChessBase"]
[SourceDate "2006.07.31"]
[SourceVersion "1"]
[SourceVersionDate "2006.07.31"]
[SourceQuality "1"]

1. d4 Nf6 2. c4 e6 3. Nc3 Bb4 4. Qc2 d5 5. a3 Bxc3+ 6. Qxc3 Ne4 7. Qc2 c5 8. dxc5 Nc6 9. cxd5 exd5 10. Nf3 Bf5 11. b4 d4 12. g4 Bg6 13. Qc4 d3 14. Be3 Qf6 15. Rd1 O-O 16. Rxd3 b5 17. Qc1 $146 ({RR} 17. cxb6 axb6 18. Bg2 Rfc8 19. Qb3 Qa1+ 20. Qd1 Qxd1+ 21. Rxd1 Nc3 22. Rd2 Nxb4 23. O-O Nbd5 24. Ra1 Nxe3 25. fxe3 Ra5 26. Rb2 h5 27. gxh5 Rxh5 28. h4 b5 29. Bh3 Re8 30. Kf2 {½-½ (30) Kaidanov,G (2603)-Schandorff,L (2521) Turin 2006}) 17... a5 18. bxa5 Nxc5 19. Rc3 Nd3+ 20. exd3 Qxf3 21. Rg1 Ne5 22. d4 Nc4 23. Bg2 Qxg4 24. h3 Qe6 25. Bxa8 Rxa8 26. a4 Qa6 27. Rg5 f5 28. axb5 Qxa5 29. Kf1 Qxb5 30. Kg1 Bf7 31. Qf1 g6 32. Rg3 Qd5 33. Rc1 Re8 34. Rd1 Kg7 35. Bc1 Re4 36. Rgd3 f4 37. Qg2 h6 38. f3 Re3 39. Bxe3 Nxe3 40. Qf2 Nxd1 41. Rxd1 g5 42. Qe2 Be6 43. Kh2 Qf5 44. Qe5+ Qxe5 45. dxe5 Kg6 46. Rd8 Kf5 47. Rh8 Kxe5 48. Rxh6 Bf5 49. Kg2 Be6 50. Kf2 Bf5 51. h4 gxh4 52. Rxh4 Be6 53. Rh5+ Kf6 54. Rc5 Bb3 55. Ke2 Ke6 56. Kd3 Bd5 57. Ke2 Kd6 58. Ra5 Ke5 59. Kf2 Kd6 60. Kg2 Be6 61. Rh5 Bd7 62. Kf2 Be6 63. Ke2 Bc4+ 64. Ke1 Bd5 65. Kf2 Be6 66. Rg5 Bd7 67. Ke2 Be6 68. Ra5 Bd5 69. Ra3 Bc4+ 70. Kf2 Be6 71. Ra5 Bd5 72. Kg2 Be6 73. Rh5 Bd7 74. Rh7 Be6 75. Rh8 Bd7 76. Rd8 Ke7 77. Ra8 Kd6 78. Ra7 Be6 79. Kf2 Bd5 80. Rh7 Be6 81. Rh1 Ke5 82. Re1+ Kf5 83. Kg2 Bd5 84. Re8 Kf6 85. Kf2 Kf5 86. Rc8 Ke5 87. Ke2 Kf5 88. Rc3 Ke5 89. Kd2 Kd6 90. Rd3 Ke5 91. Kc3 Bb7 92. Kb4 Bd5 93. Ra3 Kd4 94. Rc3 Bb7 95. Kb3 Bd5+ 96. Kc2 Ke5 97. Kd2 Kd6 98. Ke2 Ke5 99. Kf2 Kd6 100. Kg2 Be6 101. Rc1 Ke5 102. Re1+ Kf6 103. Re4 1/2-1/2

[Event "MrDodgy Inv 3 Finals"]
[Site "chess24.com INT"]
[Date "2022.11.30"]
[Round "3.2"]
[White "Sevian, Samuel"]
[Black "Carlsen, M.."]
[Result "0-1"]
[WhiteElo "2687"]
[BlackElo "2859"]
[PlyCount "62"]
[EventDate "2022.11.27"]
[EventType "k.o."]

1. d4 Nf6 2. c4 e6 3. Nc3 Bb4 4. f3 d5 5. a3 Bf8 $146 ({RR} 5... Bxc3+ 6. bxc3 dxc4 7. e4 c6 8. Bxc4 Nbd7 9. Ne2 O-O 10. O-O Nb6 11. Bd3 Qe7 12. Bg5 e5 13. f4 h6 14. Bh4 Qc7 15. fxe5 Ng4 16. Qd2 f6 17. h3 Nxe5 18. dxe5 Qxe5 19. Bg3 Qc5+ 20. Bf2 {O'Kelly de Galway,A-Gonzalez Haro,E Malaga 1965 1-0}) ({RR} 5... Bxc3+ 6. bxc3 Nc6 7. cxd5 exd5 8. e3 Bf5 9. Ne2 O-O 10. Ng3 Bg6 11. Bd3 Re8 12. O-O Na5 13. Ra2 c5 14. Re2 Qb6 15. Kh1 Rad8 16. Nf5 Qb3 17. a4 Qxd1 18. Rxd1 Re6 19. dxc5 Nd7 20. Ba3 {Volkov,S (2627)-Romanov,E (2610) Sochi 2017 ½-½ (79)}) ({RR} 5... Bxc3+ 6. bxc3 dxc4 7. e4 b5 8. Bg5 h6 9. Bh4 g5 10. Bf2 c6 11. h4 gxh4 12. Bxh4 Qa5 13. Bxf6 Qxc3+ 14. Kf2 Qb2+ 15. Ne2 Rh7 16. Qc1 Qb3 17. Rxh6 Rxh6 18. Qxh6 Kd7 19. Qe3 Qb2 20. Qc3 {Vedder,R (2255)-Ram,J (1816) chess.com INT 2024 1-0 (49)}) 6. e4 dxe4 7. fxe4 c5 8. d5 exd5 9. exd5 Bd6 10. Be2 O-O 11. Nf3 Bg4 12. O-O Nbd7 13. Nh4 Bxe2 14. Nxe2 Re8 15. Nf5 Be5 16. Qd3 b5 17. cxb5 c4 18. Qf3 Nc5 19. d6 Bxd6 20. Be3 Nd3 21. Ned4 Bf8 22. Kh1 Qd5 23. Qg3 g6 24. Nc6 Qxb5 25. Nfd4 Ne4 26. Qh4 Qd5 27. Rf3 Rac8 28. Raf1 Rc7 29. Rh3 h5 30. Rf5 gxf5 31. Rf3 Rxc6 0-1

[Event "Titled Tue 27th Jun Late"]
[Site "chess.com INT"]
[Date "2023.06.27"]
[Round "6"]
[White "Sjugirov, S.."]
[Black "Carlsen, M.."]
[Result "0-1"]
[WhiteElo "2699"]
[BlackElo "2853"]
[PlyCount "24"]
[EventDate "2023.06.27"]

1. d4 Nf6 2. c4 e6 3. Nc3 Bb4 4. e3 O-O 5. Nge2 Re8 6. Ng3 d5 7. Be2 dxc4 8. Bxc4 c5 9. O-O ({RR} 9. a3 Ba5 10. O-O Nc6 11. dxc5 Bxc3 12. bxc3 Qa5 13. Rb1 Qxc5 14. Bd3 e5 15. Qc2 b6 16. Ne4 Nxe4 17. Bxe4 h6 18. c4 Bb7 19. Rb5 Qe7 20. Bb2 Rac8 21. Qa4 Qh4 22. Bd5 Ba8 23. Bc3 Na5 {Fedoseev,V (2683)-Keymer,V (2717) chess.com INT 2023 1-0 (42)}) 9... cxd4 10. exd4 Nc6 11. Be3 Bd6 $146 ({RR} 11... Ne7 12. a3 Bd6 13. Bg5 Ng6 14. Bb5 Rf8 15. Bd3 h6 16. Bxf6 Qxf6 17. Nce4 Qxd4 18. Nxd6 Qxd6 19. Bxg6 Qxd1 20. Bxf7+ Kxf7 21. Raxd1 Ke7 22. Rc1 Bd7 23. Rc7 Rab8 24. Rd1 Rfd8 25. Ne4 Ke8 26. Nd6+ {Sjugirov,S (2699)-Hambleton,A (2420) chess.com INT 2023 1-0}) ({RR} 11... a6 12. Rc1 Be7 13. a3 b5 14. Ba2 Bb7 15. d5 exd5 16. Nxd5 Nxd5 17. Bxd5 Na5 18. Bxb7 Nxb7 19. Qf3 Nd6 20. Rfd1 Rc8 21. Rc6 Qa5 22. Rcxd6 Bxd6 23. Rxd6 Qe1+ 24. Nf1 Rcd8 25. Qd5 Rxd6 26. Qxd6 {Aleksandrov,A (2370)-Lakshmi,C (1945) Mumbai IND 2025 1-0 (35)}) 12. Rc1 Nd5 0-1

[Event "CCT Final KO 2023"]
[Site "Toronto CAN"]
[Date "2023.12.16"]
[Round "2.23"]
[White "So, W.."]
[Black "Carlsen, M.."]
[Result "1/2-1/2"]
[WhiteElo "2752"]
[BlackElo "2830"]
[PlyCount "90"]
[EventDate "2023.12.13"]

1. d4 Nf6 2. c4 e6 3. Nc3 Bb4 4. Qc2 d5 5. a3 Bxc3+ 6. Qxc3 Ne4 7. Qc2 c5 8. dxc5 Nc6 9. Nf3 Qa5+ 10. Bd2 Qxc5 11. e3 Nxd2 12. Nxd2 dxc4 13. Bxc4 O-O 14. Rc1 Rd8 15. O-O Bd7 16. b4 Qe7 17. Qb2 Be8 18. Be2 Rac8 19. Rfd1 ({RR} 19. Ne4 Nb8 20. Rxc8 Rxc8 21. Rd1 Ba4 22. Rd2 Bc6 23. Nd6 Rd8 24. Nc4 Bd5 25. Ne5 Nc6 26. Nxc6 Bxc6 27. Rd4 Qf6 28. Rxd8+ Qxd8 29. f3 Qd6 30. g3 f6 31. Kf2 Kf7 32. Qc2 h6 33. Qc3 b6 {Artemiev,V (2701)-Abdusattorov,N (2766) Shusha AZE 2024 ½-½ (41)}) 19... h6 $146 ({RR} 19... Nb8 20. h3 Ba4 21. Rxc8 Rxc8 22. Rc1 Rxc1+ 23. Qxc1 Qd8 24. Ne4 Bc6 25. Nc5 b6 26. Na6 Bb7 27. Nxb8 Qxb8 28. Qd1 Qc7 29. Qa4 Qc6 30. Qxc6 Bxc6 31. h4 Kf8 32. f3 Ke7 33. e4 e5 34. Kf2 {Dreev,A (2662)-Predke,A (2650) Izhevsk 2019 ½-½ (40)}) 20. h3 b6 21. Nf3 Rxd1+ 22. Bxd1 Qb7 23. Rc4 Ne7 24. Rg4 Ng6 25. Bc2 Qc7 26. Bxg6 Qc1+ 27. Qxc1 Rxc1+ 28. Kh2 fxg6 29. Ne5 g5 30. Rc4 Rxc4 31. Nxc4 Kf8 32. Kg3 Ke7 33. f4 Bb5 34. Nd2 gxf4+ 35. Kxf4 Kd6 36. Ne4+ Kc6 37. Nc3 Bf1 38. Kf3 Kd6 39. h4 Ke5 40. g3 Ba6 41. Kf2 Bb7 42. Ke2 Bc6 43. Kf2 Kf5 44. Ke2 Kg4 45. Kf2 Kf5 1/2-1/2

[Event "CrunchLab Masters Div 1 L"]
[Site "chess.com INT"]
[Date "2024.07.21"]
[Round "2.2"]
[White "So, W.."]
[Black "Carlsen, M.."]
[Result "1/2-1/2"]
[WhiteElo "2757"]
[BlackElo "2832"]
[PlyCount "69"]
[EventDate "2024.07.20"]
[EventType "k.o."]

1. d4 Nf6 2. c4 e6 3. Nc3 Bb4 4. Qc2 d5 5. a3 Bxc3+ 6. Qxc3 Ne4 7. Qc2 c5 8. dxc5 Nc6 9. Nf3 Qa5+ 10. Bd2 Qxc5 11. e3 Nxd2 12. Nxd2 dxc4 13. Bxc4 O-O 14. Rc1 ({RR} 14. O-O e5 15. b4 Qe7 16. Bd3 h6 17. Be4 Bd7 18. Nb3 Rac8 19. Nc5 Nd8 20. Rfd1 Bc6 21. Bxc6 Rxc6 22. Qe4 Rc7 23. Rd5 b6 24. Nd3 f6 25. h4 Nf7 26. b5 Rfc8 27. Nb4 Rc4 28. Qf5 Nd6 {Iniyan,P (2495)-Kazmin,S (2178) chess.com INT 2024 1-0 (75)}) 14... Rd8 15. O-O Bd7 16. Be2 $146 ({RR} 16. b4 Qe7 17. Qb2 Be8 18. Be2 Rac8 19. Rfd1 h6 20. h3 b6 21. Nf3 Rxd1+ 22. Bxd1 Qb7 23. Rc4 Ne7 24. Rg4 Ng6 25. Bc2 Qc7 26. Bxg6 Qc1+ 27. Qxc1 Rxc1+ 28. Kh2 fxg6 29. Ne5 g5 30. Rc4 Rxc4 {So,W (2752)-Carlsen,M (2830) Toronto CAN 2023 ½-½ (45)}) 16... Qxc2 17. Rxc2 Rac8 18. Rfc1 Ne7 19. Rxc8 Rxc8 20. Rxc8+ Nxc8 21. Kf1 Kf8 22. Ke1 Ke7 23. f4 Bc6 24. g3 f6 25. Bd3 h6 26. Ke2 Nb6 27. Nc4 Nxc4 28. Bxc4 Kd6 29. Kd2 e5 30. h4 b6 31. Kc3 Bd7 32. Bb3 Bc6 33. Bc4 Bd7 34. Bb3 Bc6 35. Bc4 1/2-1/2

[Event "Croatia GCT"]
[Site "Zagreb"]
[Date "2019.07.06"]
[Round "10"]
[White "So, Wesley"]
[Black "Carlsen, Magnus"]
[Result "1/2-1/2"]
[WhiteElo "2754"]
[BlackElo "2875"]
[PlyCount "71"]
[EventDate "2019.06.26"]
[EventType "tourn"]
[EventRounds "11"]
[EventCountry "CRO"]
[EventCategory "22"]
[SourceTitle "CBM 191"]
[Source "ChessBase"]
[SourceDate "2019.08.31"]
[SourceVersion "1"]
[SourceVersionDate "2019.08.31"]
[SourceQuality "1"]

1. d4 {Fernandez,Daniel Howard Golod,Vitali} Nf6 2. c4 e6 3. Nc3 Bb4 4. Qc2 d5 5. cxd5 ({RR} 5. a3 Bxc3+ 6. Qxc3 O-O 7. Nf3 dxc4 8. Qxc4 b6 9. Bg5) 5... Qxd5 6. e3 ({RR} 6. Nf3 Qf5) 6... c5 7. Bd2 Bxc3 8. Bxc3 cxd4 9. Bxd4 Nc6 10. Bc3 ({RR} 10. Bxf6 gxf6 11. Ne2 Bd7 12. a3 Qa5+ 13. Nc3 Ne7) 10... O-O 11. Nf3 Rd8 ({RR} 11... b6) ({RR} 11... Qc5) 12. Be2 ({RR} 12. Rd1 Qxd1+ 13. Qxd1 Rxd1+ 14. Kxd1 Ne4 15. Be1 e5) 12... Qe4 ({RR} 12... Qc5) 13. Rc1 ({RR} 13. Qb3 Nd5 ({RR} 13... b6 14. O-O Bb7 15. Rfd1 Qg6 16. Qa3 Ne8 17. Ba6) 14. Bd2 ({RR} 14. O-O Nxc3 15. Qxc3 Qb4 16. Qc2 Qe7 17. a3 Bd7) 14... Qg6 ({RR} 14... b6 15. Bd3 ({RR} 15. Qc4 Nf6) 15... Qg4 16. O-O Bb7 17. h3 Qh5 18. Qb5) 15. O-O e5 16. Rfd1 e4 ({RR} 16... Bh3 17. Ne1 ({RR} 17. Nh4 Qg5 18. Bc4 e4 19. Qxb7 Nce7 20. Bxd5 ({RR} 20. Ba5 Rdb8 21. Rxd5 Qxh4) ({RR} 20. g3 Rdb8 21. Qa6 Rxb2) 20... Nxd5 21. Ba5 Qxh4 22. gxh3 ({RR} 22. Bxd8 Qg4 23. Kf1 Qxg2+ 24. Ke1 Nxe3 25. Qxa8 ({RR} 25. fxe3 Bg4 26. Qb5 Qg1+ 27. Kd2 ({RR} 27. Qf1 Qxe3+) 27... Rxd8+) 25... Qf1+ 26. Kd2 Qd3+ 27. Ke1 ({RR} 27. Kc1 Qc2#) 27... Nc2#))) 17. Ne1 Qf5 ({RR} 17... Rb8) 18. Bc3 Rb8 19. g4 Qe6 20. Ng2 Nxc3 21. Rxd8+ Nxd8 22. Qxc3 Nc6 23. Rd1 ({RR} 23. b4 Qe5 24. Qxe5 Nxe5 25. h3 Be6) 23... Qe7 24. Nf4 Be6 ({RR} 24... Kh8 25. b4) ({RR} 24... h6 25. Nh5 f5 ({RR} 25... f6 26. Qc4+ Kh8 27. Ng3) 26. Ng3) 25. b4 ({RR} 25. Nxe6 Qxe6 26. Qc4 Qe7 27. Bf1 Re8) 25... Qxb4 ({RR} 25... Nxb4 26. Nxe6 fxe6 27. Qe5) 26. Qxb4 Nxb4 27. Nxe6 fxe6 {Kasparov,G (2838)-Kramnik,V (2802) Moscow 2001 CBM 087 [Golod,Vitali] ½-½}) ({RR} 13. Qb3 b6 14. O-O Bb7 15. Rfd1 Ne7 16. Qa3 Ned5 17. Rd4 Nxc3 18. Rxe4 Nxe2+ 19. Kf1 Bxe4 20. Kxe2 Bxf3+ 21. gxf3 Rd7 22. Rd1 Rxd1 23. Kxd1 Rd8+ 24. Ke2 Rd7 25. f4 Nd5 26. Qa4 Nf6 27. e4 Re7 {Arun,N (1992)-ORourke,E (1889) Enniscrone IRL 2025 ½-½ (68)}) 13... Qxc2 14. Rxc2 Bd7 ({RR} 14... Nd5 15. O-O Nxc3 16. Rxc3) ({RR} 14... Nd5 15. Ne5 Bd7 ({RR} 15... Nxe5 16. Bxe5 b6 17. a3 f6 18. Bg3 Bb7 19. O-O Rac8 20. Rfc1 e5 21. Rxc8 Rxc8 22. Rxc8+ Bxc8 23. Kf1) 16. Nxc6 Bxc6 17. Bd2 Ne7 18. f3 Rac8 19. e4 ({RR} 19. Ba5 b6 20. Bb4 Nd5 21. Bd2) 19... f6 20. Be3 a6 21. Kf2 ({RR} 21. Bc4 Kf7 22. Bb3 Bb5 23. Kf2) 21... Bb5 22. Rhc1 Rxc2 23. Rxc2 Bxe2 24. Kxe2 Nc6 25. b4 Rc8 26. Rc5 b5 27. f4 Kf7 28. a3 Ne7 29. Rxc8 {Mamedyarov,S (2804)-Carlsen,M (2834) Wijk aan Zee 2018 CBM 183 [Fernandez,Daniel Howard] ½-½ (38)}) 15. Ne5 ({RR} 15. Nd4 Ne7) 15... Nxe5 $146 ({RR} 15... Rac8 16. Nxd7 Rxd7 17. Rd2 Rxd2 18. Bxd2 Ne4 19. Bf3 Nxd2 20. Kxd2 Nb4 21. Be4 f5 22. Bb1 Kf7 23. a3 {½-½ (23) Martinovic,S (2552)-Markus,R (2586) Mali Losinj 2021}) ({RR} 15... Rac8 16. Nxd7 Rxd7 17. Rd2 Rxd2 18. Bxd2 Ne4 19. Bf3 Nxd2 20. Kxd2 Nb4 21. Be4 f5 22. Bb1 Kf7 23. a3 {½-½ (23) Martinovic,S (2552)-Markus,R (2586) Mali Losinj 2021}) 16. Bxe5 Rac8 17. Rxc8 Rxc8 18. O-O Nd5 19. Rd1 f6 20. Bd4 Ba4 21. b3 Be8 22. Bc4 b5 23. Bxd5 exd5 24. Bxa7 Ra8 25. Bc5 Rxa2 26. h4 Bf7 27. e4 Ra8 28. exd5 Rd8 29. b4 Rxd5 30. Rxd5 Bxd5 31. f3 h5 32. Bd4 Bc6 33. Bc3 Bd5 34. Bd4 Bc6 35. Bc3 Bd5 36. Bd4 1/2-1/2

[Event "Bullet Chess Losers 2023"]
[Site "chess.com INT"]
[Date "2023.07.20"]
[Round "4.18"]
[White "Tang, Andrew"]
[Black "Carlsen, M.."]
[Result "0-1"]
[WhiteElo "2523"]
[BlackElo "2835"]
[PlyCount "76"]
[EventDate "2023.07.18"]
[EventType "k.o."]

1. d4 Nf6 2. c4 e6 3. Nc3 Bb4 4. Qc2 c5 5. dxc5 Bxc5 6. Nf3 O-O 7. Bg5 Nc6 8. e3 d5 ({RR} 8... h6 9. Bxf6 Qxf6 10. a3 Qd8 11. Rd1 b6 12. Be2 {½-½ (12) Vakhidov,T (2359)-Abdurakhmonov,M (2430) Tashkent UZB 2023}) 9. cxd5 ({RR} 9. Be2 d4 10. O-O-O e5 11. Nxe5 Nxe5 12. exd4 Bxd4 13. Bxf6 Qxf6 14. Rxd4 Qxf2 15. Qe4 Nc6 16. Rd2 Bf5 17. Qf3 Qxf3 18. Bxf3 Ne5 19. Be2 Rfd8 20. Rhd1 Rxd2 21. Rxd2 Kf8 22. Rd5 f6 23. b3 {½-½ (23) Doroshkievich,V (2400)-Anastasian,A (2540) Kstovo 1994}) 9... exd5 $146 ({RR} 9... Nb4 10. Qb3 Nbxd5 11. Nxd5 exd5 12. Bxf6 Qxf6 13. Be2 Be6 14. O-O Bb6 15. Qd3 Rad8 16. Rad1 Rfe8 17. Nd4 Bc8 18. Bf3 Re5 19. Qc3 h5 20. Ne2 Bg4 21. Bxg4 hxg4 22. Ng3 g6 23. a4 Kg7 24. a5 {Kuprijanov,A (1912)-Smolin,D (2122) Vladimir 2009 1-0 (67)}) 10. Bxf6 Qxf6 11. Nxd5 Bb4+ 12. Nxb4 Nxb4 13. Qb3 a5 14. Bc4 b5 15. Bxb5 Be6 16. Qa4 Bd5 17. Nd4 Bxg2 18. Rg1 Be4 19. a3 g6 20. axb4 axb4 21. Qd1 Qe5 22. Rxa8 Rxa8 23. f4 Qf6 24. Rg3 Qh4 25. Qe2 Ra1+ 26. Kd2 Rb1 27. Nc2 Rxb2 28. Bd3 Qd8 29. Rg1 b3 30. Rc1 bxc2 31. Rxc2 Qa5+ 32. Kd1 Rb1+ 33. Rc1 Qa4+ 34. Kd2 Qb4+ 35. Kd1 Qb3+ 36. Kd2 Qb2+ 37. Rc2 Qb4+ 38. Rc3 Rb2+ 0-1

[Event "Claude Pecaut Memorial"]
[Site "Taormina"]
[Date "2003.11.23"]
[Round "9"]
[White "Tomescu, Vlad"]
[Black "Carlsen, Magnus"]
[Result "1/2-1/2"]
[WhiteElo "2447"]
[BlackElo "2450"]
[PlyCount "58"]
[EventDate "2003.11.15"]
[EventType "tourn"]
[EventRounds "9"]
[EventCountry "ITA"]
[EventCategory "7"]
[SourceTitle "CBM 097 Extra"]
[Source "ChessBase"]
[SourceDate "2004.01.13"]
[SourceVersion "1"]
[SourceVersionDate "2004.01.13"]
[SourceQuality "1"]

1. d4 Nf6 2. c4 e6 3. Nc3 Bb4 4. f3 d5 5. e3 c5 6. a3 cxd4 7. axb4 dxc3 8. bxc3 O-O 9. cxd5 Qc7 $146 ({RR} 9... exd5 10. Ne2 Nc6 11. Nd4 Bd7 12. Be2 a6 13. O-O Nxd4 14. Qxd4 Re8 15. c4 dxc4 16. Bxc4 Be6 17. Bxe6 Qxd4 18. Bxf7+ Kxf7 19. exd4 Rac8 20. b5 Rc2 21. bxa6 bxa6 22. Bf4 Ree2 23. Rxa6 Rxg2+ 24. Kh1 {Goldobin,M (2127)-Rutman,A (2272) St Petersburg 2009 ½-½}) 10. Bd2 Nxd5 11. e4 Nb6 12. Nh3 e5 13. Nf2 Be6 14. Be2 Rd8 15. O-O Nc6 16. Qc1 Bc4 17. Bxc4 Nxc4 18. Rd1 Qb6 19. Qc2 a5 20. Bg5 Rxd1+ 21. Qxd1 h6 22. Qd5 Ne3 23. Bxe3 Qxe3 24. Qd3 Qb6 25. bxa5 Rxa5 26. Rxa5 Nxa5 27. g3 Qc5 28. Kg2 Nc4 29. f4 Qc6 1/2-1/2

[Event "Olympiad-38"]
[Site "Dresden"]
[Date "2008.11.15"]
[Round "3"]
[White "Wang, Yue"]
[Black "Carlsen, Magnus"]
[Result "1/2-1/2"]
[WhiteElo "2736"]
[BlackElo "2786"]
[Annotator "Krasenkow,Michal"]
[PlyCount "113"]
[EventDate "2008.11.13"]
[EventType "team-swiss"]
[EventRounds "11"]
[EventCountry "GER"]
[SourceTitle "CBM 128"]
[Source "ChessBase"]
[SourceDate "2009.01.28"]
[SourceVersion "1"]
[SourceVersionDate "2009.01.28"]
[SourceQuality "1"]
[WhiteTeam "China"]
[BlackTeam "Norway"]
[WhiteTeamCountry "CHN"]
[BlackTeamCountry "NOR"]

1. d4 Nf6 2. c4 e6 3. Nc3 Bb4 4. Qc2 d5 5. cxd5 exd5 6. Bg5 h6 7. Bxf6 Qxf6 8. Nf3 O-O 9. e3 Bf5 (9... Re8 10. a3 Bxc3+ 11. Qxc3 c6 12. Be2 Bg4 13. O-O Nd7 14. b4 a6 15. a4 Rac8 16. Rfc1 Qd6 17. Qb2 Nb6 18. b5 Bxf3 19. Bxf3 Nc4 20. Qb1 Nd2 21. Qd3 Nxf3+ 22. gxf3 axb5 23. axb5 c5 $11 {1/2 Rychagov,A (2532)-Belozerov,A (2549)/chessassistantclub.com INT 2004/EXT 2006 (70)}) 10. Bd3 (10. Qb3 Qb6 11. Be2 c6 12. O-O Bd6 13. Na4 Qxb3 14. axb3 Nd7 15. Rfc1 Rfe8 16. Nc5 Nxc5 17. dxc5 Bc7 18. Nd4 Bd7 19. b4 a6 $11 {1/2 Petran,P (2485)-Ravia,M/Ajka 1992/TD (28)}) 10... Bxd3 11. Qxd3 c6 (11... Nd7 12. O-O c6 {may be a more accurate order of moves.}) 12. O-O (12. Ne5 $5 Re8 (12... Qe6 $1 {[%cal Yb8d7]}) 13. O-O Bd6 14. f4 Na6 15. a3 Nc7 16. Rf3 a5 17. Kh1 Rad8 18. Rg1 c5 19. Qf1 c4 20. g4 Qe7 21. g5 $40 {1-0 Papadakis,M (2045)-Dobrev,N (2374)/Dos Hermanas 2003/EXT 2004 (57)}) 12... Nd7 13. a3 (13. Rfc1 a5 14. Na4 Rfb8 15. Rab1 Bd6 16. Qc2 Qe7 17. Ne1 Rf8 18. Nd3 f5 19. a3 f4 20. exf4 Bxf4 21. Re1 Qg5 22. Nac5 Nxc5 23. Nxc5 Rf7 24. Re2 Bd6 25. Rbe1 Bxc5 26. Qxc5 Qf4 27. g3 Qf6 28. f4 Raf8 29. Re5 Qg6 30. Kh1 Qg4 $14 {1/2 Haik,A (2425)-Pomar Salamanca,A (2430)/Buenos Aires 1978/EXT 2000}) 13... Bxc3 (13... Bd6 $5 14. e4 Qg6 15. Rad1 (15. Nh4 {[%cal Yh4f5]} Qg4 (15... Qh5 16. Qh3) 16. Nf5 dxe4 17. Qxe4 Qxe4 18. Nxe4 Bc7 $11) 15... dxe4 16. Nxe4 Rfe8 17. Rfe1 Nb6 18. Nc5 Qxd3 19. Nxd3 Rad8 20. Kf1 Rxe1+ 21. Rxe1 Kf8 22. h3 f6 23. Nd2 Kf7 24. Nb3 Bf8 25. Rc1 {1/2 Donner,J (2470)-Smyslov,V (2620)/Amsterdam 1954/EXT 2001}) 14. Qxc3 Nb6 {[%cal Yb6c8,Yc8d6,Yb6c4,Yc4d6] The Karlsbad structure with only knights on the board is considered comfortable for Black. The present game doesn't change that evaluation but sheds light on some niceties.} 15. Ne5 Qf5 16. Rfc1 $146 ({RR} 16. a4 f6 17. Nd3 a5 18. Nc5 Rf7 19. b4 Nc4 20. bxa5 Rxa5 21. Nb3 Ra7 22. a5 Rf8 23. Nd2 Nxd2 24. Qxd2 Rfa8 25. Qc3 Qd7 26. h3 Qc7 27. Rfb1 Rxa5 28. Rxa5 Qxa5 29. Qxa5 Rxa5 30. Rxb7 Ra1+ {Volkov,S (2594)-Ashwin,J (2476) Rethymno 2012 ½-½ (61)}) 16... f6 17. Nd3 Nc4 18. Nc5 Nd6 {[%csl Gd6]} 19. Qc2 Qxc2 20. Rxc2 Rae8 21. g3 g5 {This move creates an object of attack for White (h2-h4).} (21... h5 $5 $11) 22. Kg2 Kg7 23. a4 Re7 24. Rh1 Kg6 25. Rc3 h5 26. h4 Rh8 (26... g4 $5 $11 {The transfer of White's knight to f4 is harmless.}) 27. Rcc1 (27. hxg5 $5 fxg5 28. Nd3) 27... Rhh7 28. Rh2 Nf5 $6 (28... g4 {was still possible, with a completely dead position.}) 29. hxg5 fxg5 30. Nd3 g4 {Now the situation is completely different: the white knight has got the e5-square, and Black's h5-pawn is weak.} 31. Rch1 Kg5 32. Nf4 Ng7 33. b4 $1 a6 34. b5 axb5 35. axb5 Rh6 36. Ra1 Nf5 37. Ra8 h4 $5 (37... Rg7 $14 {is possible but the text move gives White a seemingly attractive possibility.}) 38. gxh4+ (38. Rg8+ Rg7 39. Rxg7+ Nxg7 40. Rxh4 Rxh4 41. gxh4+ Kxh4 42. bxc6 bxc6 43. Ng6+ Kg5 44. Ne5 {is hardly enough for a victory, e.g. after} Nh5 45. Nxc6 Kf5) 38... Nxh4+ 39. Rxh4 $5 {A "brilliant move" but Black miraculously holds his ground. Therefore} (39. Kf1 $142 $14) 39... Kxh4 $1 (39... Rxh4 40. Rg8+ Kf5 41. Ng6 Rhh7 42. Nxe7+ Rxe7 43. bxc6 bxc6 44. Kg3 $16) 40. Rg8 {[%cal Rf2f3]} (40. bxc6 bxc6 41. Rg8 Ra7) 40... Rf7 41. f3 (41. bxc6 Rxc6 $1 (41... bxc6 $2 42. f3 $18) 42. Ng6+ Kh5 43. Ne5 Rf5 44. Nxc6 bxc6 $11) 41... Rxf4 42. exf4 {[%mdl 4096]} cxb5 $1 (42... gxf3+ 43. Kxf3 {[%csl Rh4] should be lost for Black.}) 43. Rxg4+ (43. fxg4 Ra6 $1 44. f5 (44. Kf3 Ra3+ 45. Ke2 b4) 44... b4 45. Kf3 Ra1 $1 46. Rh8+ Kg5 47. Rh5+ Kf6 48. Rh6+ Kg5 49. Rg6+ Kh4 50. Kf4 Rf1+ 51. Ke5 b5 $1 52. Rb6 Kxg4 53. f6 Kg5 $11) 43... Kh5 44. Rg5+ Kh4 45. Rg7 $1 (45. Rxd5 $6 Rb6 $1) 45... Kh5 46. Rxb7 Ra6 47. Rxb5 Kh4 $1 48. Rb2 (48. Rxd5 Ra2+ 49. Kf1 Kg3 50. f5 Kxf3 51. Ke1 Ke4 $11) (48. Kf2 Ra2+ 49. Ke3 Ra3+ 50. Ke2 Ra2+ 51. Kd3 Ra3+ 52. Kc2 (52. Kd2 Kg3 53. f5 Kxf3 $11) 52... Rxf3 53. Rxd5 Kg4 54. Rd8 Kf5 $1 55. d5 Ke4 56. d6 Kd5 $11) 48... Ra4 49. Rd2 Kh5 {Despite two extra pawns, White can't strengthen his position.} 50. Kg3 Rb4 51. Rd1 Ra4 52. Kh3 Ra3 53. Rh1 Rd3 54. Kg3+ Kg6 55. Rh4 Rd2 56. Rg4+ Kf6 57. f5 1/2-1/2